El nuevo debate sobre la inteligencia artificial: sistemas simbólicos y redes neuronales
Guardat en:
| Autor principal: | |
|---|---|
| Format: | Llibre |
| Idioma: | espanyol |
| Publicat: |
Barcelona
Gedisa
1993
|
| Edició: | 1a. ed |
| Col·lecció: | Colección Ciencias Cognitivas
|
| Matèries: | |
| Etiquetes: |
Afegir etiqueta
Sense etiquetes, Sigues el primer a etiquetar aquest registre!
|
MARC
| LEADER | 00000nam a2200000 a 4500 | ||
|---|---|---|---|
| 001 | UCX9485 | ||
| 003 | CL-VaPUC | ||
| 008 | 940608e19930000SP |||||||||||||||||spa|d | ||
| 020 | |a 8474324661 | ||
| 082 | 0 | 4 | |a 006.3 |b GRA |2 21 |
| 100 | |a Graubard, Stephen R |e author |9 575004 | ||
| 245 | 1 | 3 | |a El nuevo debate sobre la inteligencia artificial: sistemas simbólicos y redes neuronales |
| 250 | |a 1a. ed | ||
| 300 | |a 350 p | ||
| 942 | |c BK | ||
| 945 | |d 19940608 00:00:00 |a rbrito | ||
| 260 | |a Barcelona |b Gedisa |c 1993 | ||
| 650 | 7 | |a INTELIGENCIA ARTIFICIAL |2 CL-VaPUC |9 481919 | |
| 583 | |a last modification |c 19940608 00:00:00 |k Rodrigo Vera | ||
| 490 | 0 | |a Colección Ciencias Cognitivas | |
| 999 | |c 307240 |d 307238 | ||
| 952 | |0 0 |1 0 |4 0 |6 006_300000000000000_GRA_1993 |7 0 |8 A |9 373008 |a FDOPOS |b FDOPOS |d 2019-11-21 |i 2981009 |o 006.3 GRA 1993 |p 2981009 |r 2025-01-22 |w 2019-11-21 |y BK |k MLA | ||
| 952 | |0 0 |1 0 |4 0 |6 006_300000000000000_GRA_1993 |7 0 |8 A |9 373009 |a BIBGIM |b BIBGIM |d 2019-11-21 |i 4608984 |o 006.3 GRA 1993 |p 4608984 |r 2025-01-15 |w 2019-11-21 |y BK |k COM | ||